| 000 | 00447cam a2200193 4500 | ||
|---|---|---|---|
| 001 | D14462 | ||
| 008 | 090401t1956 xxu||||| |||| 00| 0 eng d | ||
| 035 | _a(Sirsi) u15873 | ||
| 041 | _aeng | ||
| 100 | _aWilks, H Mark | ||
| 245 | _aReport writing and proofs of evidence | ||
| 250 | _a2nd | ||
| 260 |
_aLondon _bEstates Gazette _c1956 |
||
| 300 | _a124p. ; 22cm. | ||
| 350 | _a0 | ||
| 520 | _aShelf 137 | ||
| 942 | _n0 | ||
| 948 | _c04/03/1997 | ||
| 999 |
_c87320 _d87320 |
||